Sviatosti uzdravenia a služby spoločenstvu sviatosť pokánia - pomazanie chorých - posvätný stav - manželstvo

Bibliographic Details
Main Author: Krupa, Jozef, 1963- (Author)
Format: Book
Language:Slovak
PhysicalDescription:198 s. 21 cm
Published: Bratislava Oto Németh 2000
ISBN:8088949165
Subjects:

MARC

LEADER 00000nam a2200000 a 4500
001 vtls001405244
003 SK-MaSNL
005 20260302001251.0
008 240509s2000 xo a r y slo
015 |a SNBA2001/03-00986 
020 |a 8088949165 
035 |a SNK000359858 
035 |a urn:nbn:sk:snk-amkm99 
035 |a urn:nbn:sk:snk-am008dno 
035 |a CD1A2C8A-06DE-4623-8C59-32C9CC3686A9 
040 |a SNK  |b slo  |c SNK  |e AACR2 
041 0 |a slo 
044 |a xo  |c SK 
080 |a 265.4(075.8)  |2 1981 
100 1 |a Krupa, Jozef,  |d 1963-  |4 aut  |9 205467 
245 1 |a Sviatosti uzdravenia a služby spoločenstvu  |b sviatosť pokánia - pomazanie chorých - posvätný stav - manželstvo  |c Jozef Krupa 
260 |a Bratislava  |b Oto Németh  |c 2000 
300 |a 198 s.  |c 21 cm 
504 |a Bibliogr. s. 194-198 
650 0 7 |a sviatosti  |2 SNK  |9 755 
655 7 |a Textbooks (higher)  |2 SNKPHeng  |9 276436 
655 7 |a učebnice vysokých škôl  |2 SNKPH  |9 70191 
655 7 |a učebnice  |2 SNK  |9 22521 
919 |a 80-88949-16-5 
958 |a TL 
958 |a NB 
958 |a NT 
958 |a UV 
999 |c 983189  |d 985119 
952 |t P60, <04>, [BOOK], {604}  |a SNK  |b SNK  |y VYP  |7 0  |p 17A0266251  |o snkSC 103656 D1  |i snkKSP 997/2001  |0 0  |1 0  |4 0  |d 2001-01-22  |l 0  |r 2005-01-02 00:00:00  |w 2026-02-24 
952 |t P60, <03>, [BOOK], {603}  |a SNK  |b SNK  |y PREZ  |7 0  |p 17A0266250  |o snkSC 103656  |i snkKSP 996/2001  |0 0  |1 0  |4 0  |d 2001-01-22  |f 1  |l 0  |r 2025-09-25 00:00:00  |w 2026-02-24